000 00436nam a22001577a 4500
003 LK-CoMWRAF
005 20240217000731.0
008 231212b |||||||| |||| 00| 0 eng d
020 _a9556250190
040 _aLK-CoMWRAF
_dLK-CoMWRAF
_eLK-CoMWRAF
041 _atam
082 _a340.59
_bVIV
245 _aவிவாகரகு்து
260 _aColombo :
_bMuslim Women's Research and Action Forum - MWRAF,
_c2002
942 _cBK
999 _c4356
_d4356